000 00463nam a2200181Ia 4500
001 15758
005 20260306170219.0
008 260306t2013||||xx |||||||||||||| ||und||
041 _aESP
082 _a620
_bG79
100 _aGrech Mayor, Pablo
_eAUT
245 0 _aIntroducción a la ingeniería:
_bun enfoque a través del diseño
260 _c2013
300 _axx, 428 páginas :
_c28 cm.
650 _aGEN
654 _aCII
942 _cLIB
_dJUS
_fJUS
_2ddc
_n
999 _c15758
_d15758